Mathematical puzzles / (Record no. 677)

MARC details
000 -LEADER
fixed length control field 01730cam a22002898i 4500
001 - CONTROL NUMBER
control field 21648705
003 - CONTROL NUMBER IDENTIFIER
control field OSt
005 - DATE AND TIME OF LATEST TRANSACTION
control field 20250420134821.0
008 - FIXED-LENGTH DATA ELEMENTS--GENERAL INFORMATION
fixed length control field 200731s2020 flu b 001 0 eng
010 ## - LIBRARY OF CONGRESS CONTROL NUMBER
LC control number 2020034978
020 ## - INTERNATIONAL STANDARD BOOK NUMBER
International Standard Book Number 9780367206925
Qualifying information (paperback)
040 ## - CATALOGING SOURCE
Original cataloging agency DLC
Language of cataloging eng
Description conventions rda
Transcribing agency KCST
042 ## - AUTHENTICATION CODE
Authentication code pcc
050 00 - LIBRARY OF CONGRESS CALL NUMBER
Classification number QA95
Item number .W645 2020
082 00 - DEWEY DECIMAL CLASSIFICATION NUMBER
Classification number 793.74
Edition information 23
Item number Wi Ma
100 1# - MAIN ENTRY--PERSONAL NAME
Personal name Winkler, P.
Fuller form of name (Peter),
Dates associated with a name 1946-
Relator term author.
9 (RLIN) 5289
245 10 - TITLE STATEMENT
Title Mathematical puzzles /
Statement of responsibility, etc. Peter Winkler ; Illustrations by Jess Johnson.
250 ## - EDITION STATEMENT
Edition statement First edition.
260 #1 - PUBLICATION, DISTRIBUTION, ETC.
Place of publication, distribution, etc. Boca Raton :
Name of publisher, distributor, etc. AK Peters/CRC Press,
Date of publication, distribution, etc. 2021.
300 ## - PHYSICAL DESCRIPTION
Extent 410 pages cm
504 ## - BIBLIOGRAPHY, ETC. NOTE
Bibliography, etc. note Includes bibliographical references and index.
520 ## - SUMMARY, ETC.
Summary, etc. "Research in mathematics is much more than solving puzzles, but most people will agree that solving puzzles is not just fun: it helps focus the mind and increase one's armory of techniques for doing mathematics. Mathematical Puzzles will, for the first time, make the connection explicit by isolating important mathematical methods, then using them to solve puzzles and prove a theorem. Features A collection of the world's best mathematical puzzles Each chapter features a technique for solving mathematical puzzles, examples, and finally a genuine theorem of mathematics that features that technique in its proof Puzzles that are entertaining, mystifying, paradoxical, and satisfying; they are not just exercises or contest problems"--
Assigning source Provided by publisher.
650 #0 - SUBJECT ADDED ENTRY--TOPICAL TERM
Topical term or geographic name entry element Mathematical recreations.
9 (RLIN) 5290
776 08 - ADDITIONAL PHYSICAL FORM ENTRY
Relationship information Online version:
Main entry heading Winkler, P. (Peter), 1946-
Title Mathematical puzzles
Edition First edition.
Place, publisher, and date of publication Boca Raton : AK Peters/CRC Press, 2020.
International Standard Book Number 9780429262913
Record control number (DLC) 2020034979
942 ## - ADDED ENTRY ELEMENTS (KOHA)
Koha item type Book
942 ## - ADDED ENTRY ELEMENTS (KOHA)
Source of classification or shelving scheme Dewey Decimal Classification
Holdings
Withdrawn status Lost status Source of classification or shelving scheme Damaged status Not for loan Home library Current library Date acquired Cost, normal purchase price Total checkouts Full call number Barcode Date last seen Cost, replacement price Price effective from Koha item type
    Dewey Decimal Classification     KCST Library KCST Library 13/10/2021 7.45   793.74 Wi Ma 1000000873 13/10/2021 7.45 13/10/2021 Book
© 2025 KCST. All rights reserved